000
00317nam a2200133Ia 4500
008
210210b2000 xxu||||| |||| 00| 0 eng d
082
_a
346.016 COMM
100
_a
-
245
_a
Commission of Sati Act 1987.
260
_a
Lucknow
_b
Eastern Book Co
_c
2000
300
_a
15
690
_a
Marriage Law
906
_a
045195
999
_c
94546
_d
94546